| 000 | 01175nac a22002531u 4500 | ||
|---|---|---|---|
| 010 | _a2003022902 | ||
| 020 | _a0321160762 (alk. paper) | ||
| 020 | _a8129705222 | ||
| 082 | 0 | 0 |
_a005.117 _bD7372 |
| 090 |
_c649 _d649 |
||
| 100 | _aDouglass, Bruce Powel. | ||
| 245 | 1 | 0 |
_aReal time UML : _badvances in the UML for real-time systems / _cBruce Powel Douglass. |
| 250 | _a3rd ed. | ||
| 260 |
_aNew Delhi : _bPearson Education,2004 _c2004. |
||
| 300 |
_axlix, 694 p. : _bill. ; _c24 cm. |
||
| 504 | _aIncludes bibliographical references and index. | ||
| 650 | 0 |
_aEmbedded computer systems _xProgramming. |
|
| 650 | 0 | _aReal-time data processing. | |
| 650 | 0 | _aObject-oriented methods (Computer science) | |
| 856 | 4 | 1 |
_3Table of contents _uhttp://www.loc.gov/catdir/toc/ecip0410/2003022902.html |
| 942 |
_cBB _k005.117D7372 |
||
| 999 |
_c649 _d649 |
||